Electrical maintenance and repair / (Record no. 2117)
[ view plain ]
| 000 -LEADER | |
|---|---|
| fixed length control field | 00442cam a2200181ua 4500 |
| 041 ## - LANGUAGE CODE | |
| Language code of text/sound track or separate title | eng |
| 082 ## - DEWEY DECIMAL CLASSIFICATION NUMBER | |
| Classification number | 621.30288 |
| Item number | WAT/EL |
| 100 ## - MAIN ENTRY--AUTHOR NAME | |
| Personal name | Watts, J L . |
| 245 ## - TITLE STATEMENT | |
| Title | Electrical maintenance and repair / |
| 250 ## - EDITION STATEMENT | |
| Edition statement | 1 / |
| 260 ## - PUBLICATION, DISTRIBUTION, ETC. (IMPRINT) | |
| Place of publication | : |
| Name of publisher | Cleavver Hume Press Ltd. , |
| Year of publication | 1958. |
| 300 ## - PHYSICAL DESCRIPTION | |
| Number of Pages | 319 ; . |
| 942 ## - ADDED ENTRY ELEMENTS (KOHA) | |
| Koha item type | Books |
| Withdrawn status | Lost status | Damaged status | Home library | Current library | Date acquired | Full call number | Accession Number | Koha item type |
|---|---|---|---|---|---|---|---|---|
| Withdrawn | KAUAET | KAUAET | 07/04/2012 | 621.30288 | 3841 | Books |
